000 00629nam a2200181Ia 4500
008 090124s9999 xx 000 0 und d
082 _b30996
_a4219
100 _aडांगळे अर्जुन
245 _a आंबेडकरी चळवळीचे अंतरंग
250 _a1
260 _c2001
300 _a140
600 _aडांगळे अर्जुन
630 _a आंबेडकरी चळवळीचे अंतरंग
700 _aडांगळे अर्जुन
730 _a आंबेडकरी चळवळीचे अंतरंग
942 _cBOOK
999 _c144476
_d144476